|
|
|
|
| LEADER |
00000nam a2200000 4500 |
| 001 |
vtls012273536 |
| 003 |
SK-MaSNL |
| 005 |
20260426013742.0 |
| 008 |
250318s2024 xo ol f c 000 0 slo |
| 020 |
|
|
|a 9788089934218
|q (brožované)
|
| 040 |
|
|
|a SNK
|b slo
|c SNK
|e rda
|
| 041 |
0 |
|
|a slo
|
| 044 |
|
|
|a xo
|c SK
|
| 072 |
|
7 |
|a 72
|x Architektúra
|2 konspekt
|
| 080 |
|
|
|a 72.092
|2 2011
|
| 080 |
|
|
|a 72.012.1
|2 2011
|
| 080 |
|
|
|a 72.036/.038
|2 2011
|
| 080 |
|
|
|a (437.611)
|2 2011
|
| 080 |
|
|
|a (083.82)
|2 2011
|
| 080 |
|
|
|a 06.05
|2 2011
|
| 111 |
2 |
|
|a Cena Dušana Jurkoviča
|n (60. :
|d 2024 :
|c Bratislava, Slovensko)
|4 aut
|9 724263
|
| 245 |
1 |
0 |
|a Cena Dušana Jurkoviča 2024
|b 60. ročník
|c editor, redakcia, zostavil: Jakub Hanták
|
| 246 |
3 |
1 |
|a Dušan Jurkovič Prize 2024
|b 60th volume
|
| 264 |
|
1 |
|a Bratislava
|b Vydavateľstvo Spolku architektov Slovenska
|c [2024]
|
| 264 |
|
4 |
|c ©2024
|
| 300 |
|
|
|a 46 strán
|b fotografie, projekty
|c 30 cm
|
| 336 |
|
|
|a text
|b txt
|2 rdacontent
|
| 336 |
|
|
|a statický obraz
|b sti
|2 rdacontent
|
| 337 |
|
|
|a bez média
|b n
|2 rdamedia
|
| 338 |
|
|
|a zväzok
|b nc
|2 rdacarrier
|
| 500 |
|
|
|a Názov z obálky
|
| 546 |
|
|
|a Súbežný názov v angličtine
|
| 648 |
|
7 |
|a 2024
|2 SNKPH
|9 318269
|
| 650 |
0 |
7 |
|a architektonické súťaže
|2 SNKPH
|9 31820
|
| 650 |
0 |
7 |
|a architektonické projekty
|2 SNKPH
|9 2951
|
| 650 |
0 |
7 |
|a moderná architektúra
|2 SNKPH
|9 68287
|
| 650 |
0 |
7 |
|a Architectural competitions
|2 SNKPHeng
|9 325668
|
| 650 |
0 |
7 |
|a Architectural projects
|2 SNKPHeng
|9 274864
|
| 650 |
0 |
7 |
|a Modern architecture
|2 SNKPHeng
|9 276030
|
| 650 |
0 |
7 |
|a Cena Dušana Jurkoviča (ocenenie)
|2 SNKPH
|9 133502
|
| 650 |
0 |
7 |
|a ceny a vyznamenania
|2 SNKPH
|9 73045
|
| 650 |
0 |
7 |
|a Dušan Jurkovič Prize
|2 SNKPHeng
|9 325669
|
| 650 |
0 |
7 |
|a Awards
|2 SNKPHeng
|9 325670
|
| 651 |
|
7 |
|a Bratislava (Slovensko)
|2 SNKPH
|9 14568
|
| 651 |
|
7 |
|a Bratislava (Slovakia)
|2 SNKPHeng
|9 171234
|
| 655 |
|
7 |
|a katalógy
|2 SNKPH
|9 60821
|
| 655 |
|
7 |
|a Catalogs
|2 SNKPHeng
|9 266059
|
| 700 |
1 |
|
|a Hanták, Jakub
|4 edt
|4 com
|4 red
|4 bkd
|9 447571
|
| 852 |
|
|
|a Slovenská národná knižnica
|
| 919 |
|
|
|a 978-80-89934-19-5
|
| 954 |
|
|
|a iná literatúra (príručky, kuchárske knihy, hobby literatúra, sprievodcovia) pôvodná (slovenská)
|2 lita
|
| 999 |
|
|
|c 1132011
|d 1133941
|
| 952 |
|
|
|a SNK
|b SNK
|y NEVYP
|7 1
|p 17A1565895
|o snkOSB 21641
|i snk2025/4795
|8 0
|0 0
|1 0
|4 0
|d 2025-03-18
|l 0
|r 2026-02-24 19:06:08
|w 2026-02-24
|
| 952 |
|
|
|a SNK
|b SNK
|y VYP
|7 0
|p 17A1565896
|o snkOSB 21641 D1
|i snk2025/4796
|8 0
|0 0
|1 0
|4 0
|d 2025-03-18
|l 0
|r 2026-02-24 19:06:08
|w 2026-02-24
|